| 000 | 01069cam a2200313 i 4500 | ||
|---|---|---|---|
| 001 | on1389557493 | ||
| 003 | OCoLC | ||
| 005 | 20250703082343.0 | ||
| 008 | 230306s2023 ncu 000 0 eng | ||
| 010 | _a 2023010481 | ||
| 020 | _a9781645073291 | ||
| 020 | _a1645073297 | ||
| 035 | _a(OCoLC)1389557493 | ||
| 040 |
_aDLC _beng _erda _cDLC _dOCLCO _dLGV |
||
| 049 | _aLGVC | ||
| 100 | 1 |
_aHambrick, Brad, _d1977- _eauthor. |
|
| 245 | 1 | 0 |
_aMobilizing Church-based counseling : _bmodels for sustainable church-based care / _cBrad Hambrick. |
| 264 | 1 |
_aGreensboro, NC : _bNew Growth Press, _cc2023. |
|
| 300 |
_ax, 165 pages ; _c22 cm. |
||
| 336 |
_atext _btxt _2rdacontent |
||
| 337 |
_aunmediated _bn _2rdamedia |
||
| 338 |
_avolume _bnc _2rdacarrier |
||
| 490 | 0 | _aChurch-based counseling | |
| 520 | _a"Brad Hambrick provides a Church-compatible, relationally-sustainable, and liability-wise resource for group and lay counseling ministry"-- | ||
| 650 | 0 | _aPastoral counseling. | |
| 650 | 0 | _aChurch work. | |
| 650 | 0 | _aChristian leadership. | |
| 942 |
_2lcc _cBK |
||
| 999 |
_c54115 _d54115 |
||